<?xml version='1.0' encoding='UTF-8'?>
  <record xmlns="http://www.loc.gov/MARC21/slim">
    <leader>00000ctm a22000007i 4500</leader>
    <controlfield tag="001">ocn965407198</controlfield>
    <controlfield tag="003">OCoLC</controlfield>
    <controlfield tag="005">20250914101634.8</controlfield>
    <controlfield tag="008">100806q1456    xx            000 0 lat d</controlfield>
    <datafield tag="040" ind1=" " ind2=" ">
      <subfield code="a">QGJ</subfield>
      <subfield code="b">dut</subfield>
      <subfield code="c">QGJ</subfield>
    </datafield>
    <datafield tag="035" ind1=" " ind2=" ">
      <subfield code="a">(OCoLC)965407198</subfield>
    </datafield>
    <datafield tag="100" ind1="0" ind2=" ">
      <subfield code="a">Bartholomaeus de Sancto Concordio,</subfield>
      <subfield code="d">1262-1374.</subfield>
    </datafield>
    <datafield tag="245" ind1="1" ind2="0">
      <subfield code="a">Summa de casibus conscientiae /</subfield>
      <subfield code="c">Bartholomaeus de Sancto Concordio.</subfield>
      <subfield code="f">UBU Hs. 148.</subfield>
    </datafield>
    <datafield tag="260" ind1=" " ind2=" ">
      <subfield code="c">1456.</subfield>
    </datafield>
    <datafield tag="300" ind1=" " ind2=" ">
      <subfield code="a">252 fol. ;</subfield>
      <subfield code="c">296 x 213 (204 x 155) mm.</subfield>
    </datafield>
    <datafield tag="336" ind1=" " ind2=" ">
      <subfield code="a">text</subfield>
      <subfield code="b">txt</subfield>
      <subfield code="2">rdacontent</subfield>
    </datafield>
    <datafield tag="337" ind1=" " ind2=" ">
      <subfield code="a">unmediated</subfield>
      <subfield code="b">n</subfield>
      <subfield code="2">rdamedia</subfield>
    </datafield>
    <datafield tag="338" ind1=" " ind2=" ">
      <subfield code="a">volume</subfield>
      <subfield code="b">nc</subfield>
      <subfield code="2">rdacarrier</subfield>
    </datafield>
    <datafield tag="340" ind1=" " ind2=" ">
      <subfield code="a">papier</subfield>
      <subfield code="k">2 kol., 41 regels, littera hybrida.</subfield>
    </datafield>
    <datafield tag="500" ind1=" " ind2=" ">
      <subfield code="a">Datering: Finitus fuit liber iste Anno Domini 1456° vicesima tercia die Aprilis hora 3a post prandium (fol. 252r).</subfield>
    </datafield>
    <datafield tag="500" ind1=" " ind2=" ">
      <subfield code="a">Prov. op fol. 6v: Pertinet theodrico doys d'amsteldam (uitgeveegd: Pertinet Adriano de Warberghe); schutblad achterplat: Iste liber pertinet theodrico doys de amstelredam.</subfield>
    </datafield>
    <datafield tag="524" ind1=" " ind2=" ">
      <subfield code="a">Te citeren als: Universiteitsbibliotheek Utrecht Hs. 148.</subfield>
    </datafield>
    <datafield tag="563" ind1=" " ind2=" ">
      <subfield code="a">Contemporaine leren band over houten platten, blindgestempeld met ruitpatroon van diagonale tripellijnen in een rechthoekig kader van tripellijnen, in iedere ruit een stempel, stempels in de marge van de rechthoek, sporen voor bevestiging van knoppen op voor- en achterplat, resten van twee klampsluitingen (penmuiters), rug is vernieuwd.</subfield>
    </datafield>
    <datafield tag="581" ind1=" " ind2=" ">
      <subfield code="a">[P.A. Tiele], Catalogus codicum manu scriptorum Bibliothecae Universitatis Rheno-Trajectinae. I. Trajecti ad Rhenum / Hagae Comitis 1887. p. 44-45.</subfield>
    </datafield>
    <datafield tag="581" ind1=" " ind2=" ">
      <subfield code="a">[A. Hulshof], Catalogus codicum manu scriptorum Bibliothecae Universitatis Rheno-Traiectinae. II. Traiecti ad Rhenum 1909. p. 14.</subfield>
    </datafield>
    <datafield tag="581" ind1=" " ind2=" ">
      <subfield code="a">J.P. Gumbert, Manuscrits datés conservés dans les Pays-Bas. Vol. 2: Les manuscrits d'origine néerlandaise (XIVe-XVIe siècles) et Suppl. au tome premier. Leiden etc. 1988. p. 186 nr. 644, pl. 715.</subfield>
    </datafield>
    <datafield tag="581" ind1=" " ind2=" ">
      <subfield code="a">A.J. de Groot &amp; E.C.C. Coppens, Manuscripta canonistica Latina. Elenchus codicum necnon diplomatum iuris canonici ante a. 1600 in bibliothecis ac archivis neerlandicis. Nijmegen 1989. (= Rechtshistorische reeks van het Gerard Noodt Instituut 14). p. 389 nr. 1421.</subfield>
    </datafield>
    <datafield tag="581" ind1=" " ind2=" ">
      <subfield code="a">J. Dietterle, 'Die "Summa confessorum (sive casibus conscientiae)" von ihren Anfängen an bis zu Silvester Prierias [I-III]', in: Zeitschrift für Kirchengeschichte 25 (1904), p. 268-272 26 (1905), p. 81 III, p. 166-169.</subfield>
    </datafield>
    <datafield tag="581" ind1=" " ind2=" ">
      <subfield code="a">R. Stintzing, Geschichte der populären Literatur des römisch-kanonischen Rechts in Deutschland am Ende des 15. und im Anfang des 16. Jahrhunderts. Leipzig 1867. Herdruk: Aalen 1959. p. 204, 492-…</subfield>
    </datafield>
    <datafield tag="581" ind1=" " ind2=" ">
      <subfield code="a">Chr. van Wijnbergen &amp; H. Zapp, Verzeichnis kanonistischer Handschriften in den Niederlanden). Würzburg 1988. (= Forschungen zur Kirchenrechtswissenschaft 3). p. 259.</subfield>
    </datafield>
    <datafield tag="655" ind1=" " ind2="7">
      <subfield code="a">Handschriften (vorm)</subfield>
      <subfield code="0">(NL-LeOCL)088143309.</subfield>
      <subfield code="2">gtt</subfield>
    </datafield>
    <datafield tag="700" ind1="1" ind2=" ">
      <subfield code="a">Doys, Dirk-1517,</subfield>
      <subfield code="e">former owner.</subfield>
      <subfield code="4">fmo</subfield>
      <subfield code="5">NL-UtRU</subfield>
    </datafield>
    <datafield tag="700" ind1="1" ind2=" ">
      <subfield code="a">Warberghe, Adrianus,</subfield>
      <subfield code="e">former owner.</subfield>
      <subfield code="4">fmo</subfield>
      <subfield code="5">NL-UtRU</subfield>
    </datafield>
    <datafield tag="856" ind1="4" ind2="1">
      <subfield code="u">http://objects.library.uu.nl/reader/resolver.php?obj=002319013&amp;type=2</subfield>
      <subfield code="x">Online</subfield>
      <subfield code="z">Full Text</subfield>
    </datafield>
    <datafield tag="936" ind1=" " ind2=" ">
      <subfield code="a">BATCHLOAD</subfield>
    </datafield>
  </record>